Größte Städte Floridas - Statistiken

Allgemein
  • Dieses Quiz wurde 51 mal gespielt
  • Das Durchschnittsergebnis liegt bei 8 aus 30
Antworten auf der Karte
Die Antworten werden auf der Karte rot bzw. grün angezeigt, abhängig davon wie oft sie richtig erraten wurden.
 
Antwortstatistiken
Bevölkerung Stadt % Korrekt
449.514 Miami
100%
316.081 Orlando
84%
398.173 Tampa
84%
971.319 Jacksonville
72%
201.731 Tallahassee
56%
261.256 Saint Petersburg
47%
183.146 Fort Lauderdale
44%
117.027 Clearwater
35%
95.949 Fort Myers
28%
220.292 Hialeah
26%
120.932 West Palm Beach
23%
152.650 Hollywood
21%
231.790 Port St. Lucie
21%
216.992 Cape Coral
19%
106.513 Davie
19%
145.214 Gainesville
19%
112.302 Pompano Beach
14%
120.071 Lakeland
12%
99.009 Boca Raton
9%
133.369 Coral Springs
9%
137.228 Miramar
9%
169.876 Pembroke Pines
9%
110.497 Miami Gardens
7%
129.234 Palm Bay
7%
86.772 Deerfield Beach
5%
97.267 Deltona
5%
86.441 Melbourne
5%
98.411 Palm Coast
5%
96.042 Plantation
5%
96.306 Sunrise
5%
Keine übereinstimmenden Quizze gefunden
Verteilung der Resultate
Anzahl Personen mit jedem Resultat
Perzentil nach korrekt beantworteten Fragen
Ihre Resultats-Entwicklung
Sie haben dieses Quiz noch nicht gespielt